000 00540nam a2200229Ia 4500
003 OSt
005 20220923230728.0
006 a|||||r|||| 00| 0
007 ta
008 Pun
020 _c240
024 _a305,133
037 _cTextual
040 _aARTS
_cARTS
_bPun
041 _2Pun
_aPun
082 _aR, 153N9
100 _aਹਰੀ ਸਿੰਘ
245 0 _aਫਿਲਾਸਖ਼ੀ ਦੀ ਕਹਾਣੀ
260 _c1999
942 _hR, 153N9
_cTEXL
_2CC
999 _c386936
_d386936